| 000 | 01190nam a22002657a 4500 | ||
|---|---|---|---|
| 005 | 20101206113148.0 | ||
| 008 | 101206t xxu||||| |||| 00| 0 hin d | ||
| 010 | _aHIN-91409 | ||
| 020 |
_c125.00 _a9789380405193 |
||
| 035 | _aHN-63755 | ||
| 037 | _bDBAD/PUB | ||
| 040 |
_aDPL _bHN |
||
| 082 | _a230 | ||
| 100 |
_924598 _aगांधी, मोहनदास करमचन्द |
||
| 245 |
_aगीता बोध / _cमोहनदास करमचन्द गांधी; मदनलाल शर्मा द्वारा अनुदित |
||
| 246 |
_aGeeta bodha _bby Mohandas karmchand gandhi |
||
| 260 |
_aजयपुर _bग्रन्थ विकास _c2011 |
||
| 270 |
_bजयपुर _aसी-37, राजापार्क, आदर्श नगर _e4 |
||
| 300 |
_a75पृ. _c22सेमी (सजिल्द) |
||
| 650 | _91169 | ||
| 700 |
_924599 _aशर्मा, मदनलाल |
||
| 700 | _924924 | ||
| 942 |
_2ddc _cHN _mगांधीमो _h230 |
||
| 999 |
_c49576 _d49576 |
||